Statistiques concernant Les fleurs dans le titre des chansons

Cliquez ici pour prendre le quiz!

Statistiques générales

  • Ce quiz a été pris 375 fois
  • Le résultat moyen est 7 sur 16

Statistiques - réponses

ChanteurTitre de la chansonRéponse% Correct
Gilbert BécaudL'important c'est la ....rose
91%
Françoise HardyMon amie la ....rose
85%
Berthe SylvaLes .... blanchesroses
77%
Claude François.... for evermagnolias
70%
Luis MarianoL'amour est un bouquet de ....violettes
61%
Jimmy Frey - Crazy HorseUne .... pour Sandrarose
49%
Jean Baptiste ClémentDansons la ....capucine
46%
Francis Cabrel.... dans les préscolchiques
46%
Tino RossiQuand refleuriront les ... blancslilas
45%
Yves MontandLes ... de Picardieroses
40%
MouloudjiComme un p'tit ....coquelicot
32%
Francis LemarqueLe temps du ....muguet
26%
BarbaraL' ....blancoeillet
12%
Serge LamaLes ....glycines
9%
Hugues Aufray - 2 fleursDes ....aux derniers ....jonquilles - lilas
7%
Pétula ClarkLes ....bougainvillées
0%

Distribution des résultats

Percentile par nombre de réponses

% des personnes avec chaque résultat

Votre développement - résultats

Vous n’avez pas pris ce quiz